New challenges in librarianship / (Record no. 122736)

MARC details
000 -LEADER
fixed length control field 00780nam a22002537a 4500
003 - CONTROL NUMBER IDENTIFIER
control field dpl
005 - DATE AND TIME OF LATEST TRANSACTION
control field 20180823132106.0
008 - FIXED-LENGTH DATA ELEMENTS--GENERAL INFORMATION
fixed length control field 180823b xxu||||| |||| 00| 0 eng d
010 ## - LIBRARY OF CONGRESS CONTROL NUMBER
LC control number B-058906
020 ## - INTERNATIONAL STANDARD BOOK NUMBER
Terms of availability 550.00
International Standard Book Number 8170003075
035 ## - SYSTEM CONTROL NUMBER
System control number B-058906, B-058910
037 ## - SOURCE OF ACQUISITION
Source of stock number/acquisition Cen Lib/Ret
040 ## - CATALOGING SOURCE
Original cataloging agency DPL
Language of cataloging EN
Transcribing agency 0
082 ## - DEWEY DECIMAL CLASSIFICATION NUMBER
Classification number 020
Item number NEW
245 ## - TITLE STATEMENT
Title New challenges in librarianship /
Statement of responsibility, etc edited by G. Devarjan
260 ## - PUBLICATION, DISTRIBUTION, ETC. (IMPRINT)
Place of publication, distribution, etc Delhi
Name of publisher, distributor, etc Ess Ess Publications
Date of publication, distribution, etc 2001
270 ## - ADDRESS
Address 4837/24, Ansari Road, Darya Ganj
City New Delhi
Postal code 110007
300 ## - PHYSICAL DESCRIPTION
Extent 199p.
Dimensions 22cm(Hb)
500 ## - GENERAL NOTE
General note Induces index
650 ## - SUBJECT ADDED ENTRY--TOPICAL TERM
Topical term or geographic name as entry element Library Science
9 (RLIN) 105430
650 ## - SUBJECT ADDED ENTRY--TOPICAL TERM
Topical term or geographic name as entry element Digital information Science-Library Science
9 (RLIN) 2000
700 ## - ADDED ENTRY--PERSONAL NAME
Personal name Devarjan, G.
9 (RLIN) 2003
942 ## - ADDED ENTRY ELEMENTS (KOHA)
Source of classification or shelving scheme Dewey Decimal Classification
Koha item type English Books
Classification part 020
Call number suffix NEW
Holdings
Withdrawn status Lost status Damaged status Not for loan Collection code Home library Current library Date acquired Source of acquisition Cost, normal purchase price Total Checkouts Full call number Barcode Date last seen Copy number Cost, replacement price Price effective from Koha item type Source of classification or shelving scheme Date checked out
      Not For Loan Reference Central Library Central Library 29/05/2015 Cen Lib/Ret 550.00   020 NEW B-058906 29/05/2015 1 550.00 15/09/2016 English Books    
      Not For Loan Reference Central Library Central Library 24/07/2015 Cen Lib/Ret 550.00   020 NEW B-058905 24/07/2015 2 550.00 24/07/2015 English Books    
        Non-fiction Shahdara Branch Shahdara Branch 23/08/2018 BPPD/PUB 550.00 1 020 NEW B-058910 13/12/2022   550.00 23/08/2018 English Books Dewey Decimal Classification 29/11/2022

© Delhi Public Library
Hit Counter
free hit counter